UM Logo

China: (Record no. 8286)

MARC details
000 -LEADER
fixed length control field 00521nam a2200133 4500
008 - FIXED-LENGTH DATA ELEMENTS--GENERAL INFORMATION
fixed length control field 180112b xxu||||| |||| 00| 0 eng d
082 ## - DEWEY DECIMAL CLASSIFICATION NUMBER
Classification number DPer 050 Dec 2015-Mar 2016 T48 v186-187
100 ## - MAIN ENTRY--PERSONAL NAME
9 (RLIN) 25620
Personal name Rudd, Kevin.
245 ## - TITLE STATEMENT
Title China:
Remainder of title managing new challenges at home, while approaching a greater role in the global order/
Statement of responsibility, etc. Kevin Rudd.
260 ## - PUBLICATION, DISTRIBUTION, ETC. (IMPRINT)
Place of publication, distribution, etc. New York :
Name of publisher, distributor, etc. Time Inc.,
Date of publication, distribution, etc. ©Dec 2015-Mar 2016.
300 ## - PHYSICAL DESCRIPTION
Extent v186 n27-28, page 18:
Other physical details illustrations;
Dimensions 27 cm.
650 #0 - SUBJECT ADDED ENTRY--TOPICAL TERM
9 (RLIN) 25621
Topical term or geographic name as entry element Economic conditions.
942 ## - ADDED ENTRY ELEMENTS (KOHA)
Source of classification or shelving scheme Dewey Decimal Classification
Koha item type Periodicals
Holdings
Withdrawn status Lost status Source of classification or shelving scheme Damaged status Not for loan Collection code Home library Current library Date acquired Total Checkouts Full call number Date last seen Price effective from Koha item type Public note
    Dewey Decimal Classification     Periodicals UM Digos College - LIC UM Digos College - LIC 01/12/2018   DPer 050 Dec 2015-Mar 2016 T48 v186-187 01/12/2018 01/12/2018 Periodicals Periodical article